书目信息 |
| 题名: |
400种中草药野外识别图鉴
|
|
| 作者: | 易蔚 , 黄克南 主编 | |
| 分册: | ||
| 出版信息: | 北京 化学工业出版社 2010.01 |
|
| 页数: | 436页 | |
| 开本: | 15cm | |
| 丛书名: | ||
| 单 册: | ||
| 中图分类: | R282 | |
| 科图分类: | ||
| 主题词: | 中药鉴定学--基本知识 | |
| 电子资源: | ||
| ISBN: | 978-7-122-05246-9 | |
| 000 | 00861nam0 2200241 450 | |
| 001 | 004396657 | |
| 005 | 20100806142255.31 | |
| 010 | @a978-7-122-05246-9@b精装@dCNY35.00 | |
| 090 | @aR282@byw | |
| 100 | @a20100515d2010 em y0chiy50 ea | |
| 101 | 0 | @achi |
| 102 | @aCN@b110000 | |
| 105 | @aa z 001yy | |
| 200 | 1 | @a400种中草药野外识别图鉴@A400 zhong zhong cao yao ye wai shi bie tu jian@f易蔚, 黄克南主编@Fyi wei,huang ke nan zhu bian |
| 210 | @a北京@c化学工业出版社@d2010.01 | |
| 215 | @a436页@c彩图@d15cm@e有索引 | |
| 330 | @a本书收录了400种中草药,按照植物分类系统分科编排。每种中草药均配有原植物彩色照片,并对每种中草药的识别特征、采制、分布、性味功效进行了具体说明。 | |
| 606 | 0 | @a中药鉴定学@x基本知识 |
| 690 | @aR282@v4 | |
| 701 | 0 | @a易蔚@Ayi wei@4主编 |
| 701 | 0 | @a黄克南@Ahuang ke nan@4主编 |
| 801 | @c20100515 | |
| 905 | @dR282@eY553@f5 | |
| 400种中草药野外识别图鉴/易蔚, 黄克南主编.-北京:化学工业出版社,2010.01 |
| 436页:彩图;15cm+有索引 |
| ISBN 978-7-122-05246-9(精装):CNY35.00 |
| 本书收录了400种中草药,按照植物分类系统分科编排。每种中草药均配有原植物彩色照片,并对每种中草药的识别特征、采制、分布、性味功效进行了具体说明。 |
| ● |
| 相关链接 |
|
|
|
正题名:400种中草药野外识别图鉴
索取号:R282/Y553
 
预约/预借
| 序号 | 登录号 | 条形码 | 馆藏地/架位号 | 状态 | 备注 |
| 1 | 998176 | 209981769 | 自科库401/401自科库 12排2列2层/ [索取号:R282/Y553] | 在馆 | |
| 2 | 998177 | 209981778 | 自科库401/401自科库 12排2列2层/ [索取号:R282/Y553] | 在馆 | |
| 3 | 998178 | 209981787 | 自科库401/401自科库 12排2列2层/ [索取号:R282/Y553] | 在馆 | |
| 4 | 998179 | 209981796 | 自科库401/401自科库 12排2列2层/ [索取号:R282/Y553] | 在馆 | |
| 5 | 998180 | 209981803 | 自科库401/ [索取号:R282/Y553] | 在馆 |